000 00432nam a2200169Ia 4500
003 GCL
008 140319s9999 xx 000 0 eng d
040 _aGCL /
_cGCL
082 0 4 _a812.54
_bC N
100 1 _aCOHN, RUBY
245 1 0 _aNEW AMERICAN DRAMATISTS 1960 - 1990 /
_cCOHN, RUBY
260 _a[S.N] :
_bMACMILLAN ،
_c1991
300 _a184 P
650 0 4 _aDRAMA IN ENGLISH
650 0 4 _aAMERICAN WRITERS
942 _2ddc
_cBK
999 _c24100
_d24100